Vývoj terciárneho vzdelávania v sektore cestovný ruch v SR

Význam vysokoškolského vzdelávania na slovenských univerzitách so študijnými programami súvisiacimi s cestovným ruchom. Pracoviská s najdlhšou tradíciou vzdelávania v cestovnom ruchu v SR. Formovanie študijných programov cestovného ruchu a turizmu na univerzitách v SR.

Gespeichert in:
Bibliographische Detailangaben
1. Verfasser: Mišúnová, Ema
Format: Buchkapitel
Sprache:Slowakisch
Schlagworte:
Tags: Tag hinzufügen
Keine Tags, Fügen Sie das erste Tag hinzu!

MARC

LEADER 00000nla a2200000 4500
001 0219580
005 20240502083546.6
041 0 |a slo 
044 |a CZ 
245 1 0 |a Vývoj terciárneho vzdelávania v sektore cestovný ruch v SR  |c Ema Mišúnová 
520 |a Význam vysokoškolského vzdelávania na slovenských univerzitách so študijnými programami súvisiacimi s cestovným ruchom. Pracoviská s najdlhšou tradíciou vzdelávania v cestovnom ruchu v SR. Formovanie študijných programov cestovného ruchu a turizmu na univerzitách v SR. 
610 2 0 |a vzdelávanie vysokoškolské 
610 2 0 |a univerzity 
610 2 0 |a fakulty 
610 2 0 |a ruch cestovný 
610 2 0 |a programy študijné 
610 2 0 |a študenti 
610 2 0 |a absolventi 
610 2 0 |a Slovensko 
100 1 |a Mišúnová, Ema